000 02438nam0a2200409 4500
001 RU\NLR\bibl\1297830
005 20260406041526.0
010 _a978-5-369-00385-5
_93000
021 _aRU
_b2008-89602
_95236
035 _a(nilc)IZD\INFRA\2007\097500.01.01
035 _a(NLR Aleph) 001283440
090 _a513673
_c513673
100 _a20081010d2009 |||y0rusy50 ca
101 0 _arus
102 _aRU
105 _ay |||||||||
200 1 _aРоссийское предпринимательское право
_eучебник для студентов высших учебных заведений, обучающихся по направлению "Юриспруденция" и специальности "Юриспруденция"
_f[Бевзенко Р.С., к.ю.н., доц., Березовский Д.В., к.ю.н., доц., Волкова Т.А., к.ю.н. и др.]
_gпод ред. д.ю.н., проф. В.А. Хохлова
210 _aМосква
_cРИОР
_d2009
215 _a446, [1] с.
_d22
225 1 _aВысшее образование
300 _aАвт. указаны на обороте тит.л.
320 _aБиблиогр. в конце ст. и в подстроч. примеч.
606 1 _aПредпринимательство
_jУчебники для высших учебных заведенийФедерация
_xПравовое регулирование
_yРоссийская Федерация
_92078934
_3RU\NLR\auth\661254801
686 _a00763
_aПредпринимательское право. Юридические лица. ПБОЮЛ. Банкротство
_2TCC-BG
686 _a67.404.91(2Рос)я73
_vLBC/M
_2rubbk
686 _aХ623.012.09я73
701 1 _4070
_8rus
_7ca
_aБевзенко
_bР. С.
_f1978-
_gРоман Сергеевич
_3RU\NLR\auth\7773204
_956132
701 1 _aБерезовский
_bД. В.
_gДенис Валерьевич
_4070
701 1 _4070
_8rus
_7ca
_aВолкова
_bТ. А.
_cканд. юрид. наук
_gТаисия Алексеевна
_3RU\NLR\auth\7773205
_956133
702 1 _4340
_8rus
_7ca
_aХохлов
_bВ. А.
_gВадим Аркадьевич
_3RU\NLR\auth\771895
_9111912
801 0 _aRU
_bЛИБНЕТ
_c20081010
801 1 _aRU
_bВладимирская ОУНБ
_c20081117
801 2 _aRU
_bNLR
_c20081124
_grcr
830 _aCODE_OF_LIBNET\000014547
942 _cBOOK
980 _aNB